Loading...
Discreate fourier and wavelet transforms
| Main Author: | |
|---|---|
| Format: | Printed Book |
| Published: |
New Jersy
World Scientific
2016
|
| Subjects: |
| LEADER | 00504nam a22001457a 4500 | ||
|---|---|---|---|
| 020 | |a 9789814725774 | ||
| 082 | |a R515.14 |b GOO | ||
| 100 | |a Goodman, Roe W | ||
| 245 | |a Discreate fourier and wavelet transforms | ||
| 260 | |a New Jersy |b World Scientific |c 2016 | ||
| 300 | |a xii,288 | ||
| 650 | |a Discreate fourier |a Wavelet transforms | ||
| 942 | |c REF | ||
| 999 | |c 129907 |d 129903 | ||
| 952 | |0 0 |1 0 |4 0 |6 R_515_140000000000000_GOO |7 0 |8 REF |9 128651 |a SPAP |b SPAP |c REF |d 2017-09-13 |l 0 |o R515.14 GOO |p SPAP4055 |r 2017-09-13 |w 2017-09-13 |y REF | ||